El Cid Campeador / (Record no. 53995)

MARC details
000 -LEADER
campo de control de longitud fija 00754nam a2200241 i 4500
001 - NÚMERO DE CONTROL
campo de control 53995
003 - IDENTIFICADOR DE NÚMERO DE CONTROL
campo de control ES-MaACL
005 - FECHA Y HORA DE LA ÚLTIMA TRANSACCIÓN
campo de control 20240418135237.0
007 - CAMPO FIJO DE DESCRIPCIÓN FÍSICA--INFORMACIÓN GENERAL
campo de control de longitud fija t|
008 - DATOS DE LONGITUD FIJA--INFORMACIÓN GENERAL
campo de control de longitud fija 031120s2002 sp f |||| | spa d
020 ## - NÚMERO INTERNACIONAL ESTÁNDAR DEL LIBRO
Número Internacional Estándar del Libro 84-9740-024-0
080 ## - NÚMERO DE LA CLASIFICACIÓN DECIMAL UNIVERSAL
Número de la Clasificación Decimal Universal 087.5:82
130 0# - ENTRADA PRINCIPAL--TÍTULO UNIFORME
Título uniforme Poema del Cid.
9 (RLIN) 123904
245 13 - MENCIÓN DEL TÍTULO
Título El Cid Campeador /
Mención de responsabilidad, etc. edición a cargo de Francisco López Estrada y Jorge Roselló Verdeguer.
260 ## - PUBLICACIÓN, DISTRIBUCIÓN, ETC.
Lugar de publicación, distribución, etc. Madrid :
Nombre del editor, distribuidor, etc. Castalia,
Fecha de publicación, distribución, etc. [2002]
300 ## - DESCRIPCIÓN FÍSICA
Extensión 149 p., [3] p. de lám ;
Dimensiones 19 cm.
490 1# - MENCIÓN DE SERIE
Mención de serie Castalia prima ;
Designación de volumen o secuencia 20
700 0# - ENTRADA AGREGADA--NOMBRE PERSONAL
Nombre de persona López Estrada, Francisco,
Fechas asociadas al nombre 1918-2010
9 (RLIN) 73627
700 1# - ENTRADA AGREGADA--NOMBRE PERSONAL
Nombre de persona Roselló Verdeguer, Jorge.
9 (RLIN) 99700
830 0# - PUNTO DE ACCESO ADICIONAL DE SERIE-TÍTULO UNIFORME
Título uniforme Castalia prima ;
Designación de volumen o secuencia 20
9 (RLIN) 182481
852 ## - LOCALIZACIÓN
Ubicación ES-MaACL
Número de control de estantería L-26680
Holdings
Estatus retirado Estado de pérdida Estado de daño No para préstamo Biblioteca de origen Biblioteca actual Ubicación en estantería Fecha de adquisición Fuente de adquisición Total de préstamos Signatura topográfica completa Código de barras Visto por última vez Precio de reemplazo Tipo de ítem Koha
        Biblioteca del Ateneo de Madrid Biblioteca del Ateneo de Madrid Depósito 2 17/01/2008     L-26680 1056747 23/02/2023 23/02/2023 Libro impreso